000 00626nam a2200229Ia 4500
003 OSt
005 20221006164247.0
006 a|||||r|||| 00| 0
007 ta
008 221006b |||||||| |||| 00| 0 eng d
024 _a93
037 _cTextual
040 _aFML
_cFML
_beng
041 _2eng
_aeng
082 _aNR44,18, K0
100 _aBoatwright Howard Au.
_9676966
245 0 _aA Handbook On Staff Notation For Indian Music
260 _aMumbai
_bBharatiya Vidya Bhawan
_c1960
300 _a56
_ccm.
942 _hNR44,18, K0
_cTEXL
_2CC
999 _c1116660
_d1116660